000 01170nam0a2200289 4500
001 RU\NLR\BIBL_A\012144052
005 20260407070352.0
035 _a(NLR Aleph) 012144052
090 _a12112393
_c12112393
100 _a20191121d1937 |||y0rusy50 ca
101 1 _a9as
_crus
102 _aRU
105 _aa z 000 y
200 1 _aHejvanь d betә
_f[xabrь ijnә d M. Bulatov
_gşikli ijnә d G. Niqolsqij]
210 _aМосква
_cДетиздат
_d1937
215 _a[14] с.
_cцв. ил.
_d22
300 _aАвт. указан в вып. дан.
309 _aБез тит. л. Описано по обл.
541 1 _aДомашние животные
_zrus
686 1 _aШ9(2)672=Ассир(Р)-4
700 1 _4070
_8rus
_7ca
_aБулатов
_bМ.А.
_f1913-1963
_gМихаил Александрович
_3RU\NLR\AUTH\7725673
_98720
702 1 _4440
_aНикольский
_bГ.Е.
_cхудожник-анималист
_f1906-1973
_gГеоргий Евлампиевич
_3RU\NLR\AUTH\770147315
_9147279
852 _aNLR
_bОНЛ
_jАссир./3-43
852 _aNLR
_bОНЛ
_jАссир./3-43
942 _cBOOK
980 _aNB